ՀՀ Գիտությունների ազգային ակադեմիայի հիմնարար գիտական գրադարան  =   Fundamental Scientific Library of NAS RA

Дискретные и самонастраивающиеся системы / (Record no. 466051)

MARC details
000 -LEADER
fixed length control field 01374nam-a2200217-a-4500
001 - CONTROL NUMBER
control field YSU0070741
003 - CONTROL NUMBER IDENTIFIER
control field AM-YeHGA
005 - DATE AND TIME OF LATEST TRANSACTION
control field 20250617161126.0
008 - FIXED-LENGTH DATA ELEMENTS--GENERAL INFORMATION
fixed length control field 990529s1965 xxu 000 0 rus u
040 ## - CATALOGING SOURCE
Original cataloging agency AM-YeHGA
090 ## - LOCALLY ASSIGNED LC-TYPE CALL NUMBER (OCLC); LOCAL CALL NUMBER (RLIN)
-- 469260
245 10 - TITLE STATEMENT
Title Дискретные и самонастраивающиеся системы /
Statement of responsibility, etc. Отв. ред. Я.З. Цыпкин и др.
260 ## - PUBLICATION, DISTRIBUTION, ETC.
Place of publication, distribution, etc. Москва :
Name of publisher, distributor, etc. Наука ,
Date of publication, distribution, etc. 1965.
300 ## - PHYSICAL DESCRIPTION
Extent 504 с.
440 #0 - SERIES STATEMENT/ADDED ENTRY--TITLE
Title Труды 2-го Международного конгресса Международной федерации по автоматическому управлению, Базель (Швейцария), 28 августа - 4 сентября 1963 г.
550 ## - ISSUING BODY NOTE
Issuing body note АН СССР, Международная федерация по автоматическому управлению, Национальный комитет по автоматическому управлению
650 #4 - SUBJECT ADDED ENTRY--TOPICAL TERM
Topical term or geographic name entry element Автоматические системы управления
700 10 - ADDED ENTRY--PERSONAL NAME
Personal name Цыпкин, Я.З.
Relationship edt
700 1# - ADDED ENTRY--PERSONAL NAME
Personal name Трапезников, В.А.
Relationship edt
711 2# - ADDED ENTRY--MEETING NAME
Meeting name or jurisdiction name as entry element Международный конгресс международной федерации по автоматическому управлению (2) Базель (Швейцария) 28 августа - 4 сентября 1963 г.
Holdings
Withdrawn status Lost status Source of classification or shelving scheme Damaged status Not for loan Collection Home library Current library Date acquired Total checkouts Full call number Barcode Date last seen Price effective from Koha item type Public note
    Universal Decimal Classification     General Fundamental Scientific Library Fundamental Scientific Library 21/02/2018   РIII/20190 FL0482640 21/02/2018 21/02/2018 Գրքեր / Books 30 Days Loan
    Universal Decimal Classification     General Fundamental Scientific Library Fundamental Scientific Library 21/02/2018   PIII/19729 FL0482435 21/02/2018 21/02/2018 Գրքեր / Books 30 Days Loan


ՀՀ ԳԱԱ հիմնարար գիտական գրադարան
ՀՀ,Երևան 0019
Մարշալ Բաղրամյան 24/6
հեռախոս:(374-10) 52-47-50
Հետադարձ կապ

All site content, except where otherwise noted, is licensed under a
Creative Commons License